Red de mujeres contra la violencia: aplicando la ley en casa

Spremljeno u:
Bibliografski detalji
Format: Tekst
Teme:
Oznake: Dodaj oznaku
Bez oznaka, Budi prvi tko označuje ovaj zapis!

MARC

LEADER 00000 a a2200000 04500
001 1837
003
040
245 |a Red de mujeres contra la violencia:   |b aplicando la ley en casa  
650 |a VIOLENCIA CONTRA LAS MUJERES  
650 |a LEGISLACION  
650 |a NICARAGUA  
773 |g volumen 17, número 404; páginas 16-17  
999 |c 27611  |d 27611